Preface
Elmentve itt :
| Szerző: | |
|---|---|
| Dokumentumtípus: | Könyv része |
| Megjelent: |
1984
|
| Sorozat: | Acta Universitatis Szegediensis de Attila József nominatae : papers in english and american studies
3 Papers in English and American studies : Tomus III. - Shakespeare and the emblem : studies in Renaissance iconography and iconology 3 |
| Kulcsszavak: | Angol irodalom története - előszó, Amerikai irodalom története - előszó |
| Tárgyszavak: | |
| Online Access: | http://acta.bibl.u-szeged.hu/68611 |
| LEADER | 00971naa a2200229 i 4500 | ||
|---|---|---|---|
| 001 | acta68611 | ||
| 005 | 20250124102115.0 | ||
| 008 | 250121s1984 hu o 000 eng d | ||
| 022 | |a 0230-2780 | ||
| 040 | |a SZTE Egyetemi Kiadványok Repozitórium |b hun | ||
| 041 | |a eng | ||
| 100 | 1 | |a Rozsnyai Bálint | |
| 245 | 1 | 0 | |a Preface |h [elektronikus dokumentum] / |c Rozsnyai Bálint |
| 260 | |c 1984 | ||
| 300 | |a 3 | ||
| 490 | 0 | |a Acta Universitatis Szegediensis de Attila József nominatae : papers in english and american studies |v 3 | |
| 490 | 0 | |a Papers in English and American studies : Tomus III. - Shakespeare and the emblem : studies in Renaissance iconography and iconology |v 3 | |
| 650 | 4 | |a Bölcsészettudományok | |
| 650 | 4 | |a Nyelvek és irodalom | |
| 650 | 4 | |a Általános irodalomtudományok | |
| 695 | |a Angol irodalom története - előszó, Amerikai irodalom története - előszó | ||
| 856 | 4 | 0 | |u http://acta.bibl.u-szeged.hu/68611/1/papers_003_003-003.pdf |z Dokumentum-elérés |